|
|
|
|
| LEADER |
00000nam a22000007a 4500 |
| 005 |
20140314133311.0 |
| 007 |
cr|||| |||| |
| 008 |
140314s2012 co |||||s|||| 00||0 spa d |
| 035 |
|
|
|a 11808
|
| 040 |
|
|
|a vLex
|
| 090 |
|
|
|c 4712
|d 4712
|
| 245 |
0 |
0 |
|a Negociacin̤ Colectiva
|h [Recurso electrn̤ico] :
|b Empleados Pb︢licos. Decreto 1092 de 2012
|
| 256 |
|
|
|a Servicio en ln̕ea
|
| 260 |
|
|
|a [Bogot]̀ :
|b Ministerio de Trabajo (Colombia),
|c 2012
|
| 300 |
|
|
|a 1 recurso electrn̤ico
|
| 490 |
0 |
|
|a Cuadernos de negociacin̤ colectiva
|
| 506 |
1 |
|
|a Contenido solo disponible en los productos indicados
|d vLex Global
|d vLex Global (Academic Edition, excluding Law Schools)
|d vLex Global (U.S. Academic Edition, Law Schools)
|d vLex Global (U.S. Academic Edition, excluding Law Schools)
|d vLex Global (Academic Edition, Law Schools)
|
| 650 |
0 |
4 |
|a Derecho laboral
|z Colombia
|
| 650 |
0 |
4 |
|a Negociaciones colectivas de trabajo
|z Colombia
|
| 650 |
0 |
4 |
|a Empleados pb︢licos
|z Colombia
|
| 710 |
1 |
|
|a Colombia.
|b Ministerio de trabajo
|
| 740 |
0 |
|
|a vLex Libros (Servicio en ln̕ea)
|
| 856 |
4 |
0 |
|u http://vlex.com/source/negociacion-colectiva-empleados-publicos-decreto-1092-2012-11808
|z Acceso restringido
|
| 942 |
|
|
|c BOOK
|
| 999 |
0 |
|
|a Labor laws and legislation
|